| 000 | 00509nam a2200217Ia 4500 | ||
|---|---|---|---|
| 003 | OSt | ||
| 005 | 20220602115723.0 | ||
| 008 | 210210b2008 xxu||||| |||| 00| 0 eng d | ||
| 020 | _a9788120321755 | ||
| 040 | _cAL | ||
| 041 | _aeng | ||
| 082 | _a001.64404 TANC | ||
| 100 |
_aTANENBAUM (Andrew S) _940092 |
||
| 245 | _aComputer networks | ||
| 250 | _a4 | ||
| 260 |
_aNew Delhi _bNot Mentioned _c2008 |
||
| 300 | _axx,891 | ||
| 690 |
_aComputer Networks _940093 |
||
| 906 | _a063236 | ||
| 942 |
_2ddc _cBK |
||
| 999 |
_c133680 _d133680 |
||